Intercultural and Transcultural Awareness in Language Teaching
Wedi'i Gadw mewn:
| Prif Awdur: | |
|---|---|
| Fformat: | Anhysbys |
| Cyhoeddwyd: |
Cambridge, United Kingdom:
Cambridge University Press,
2022.
|
| Pynciau: | |
| Tagiau: |
Ychwanegu Tag
Dim Tagiau, Byddwch y cyntaf i dagio'r cofnod hwn!
|
MARC
| LEADER | 00000 a2200000 4500 | ||
|---|---|---|---|
| 003 | CL-VaPUC | ||
| 005 | 20240910121104.0 | ||
| 008 | 240826t2022 ||||| |||| 00| 0 eng d | ||
| 999 | |c 444310 |d 444308 | ||
| 020 | |a 9781108812689 | ||
| 040 | |c Pontificia Universidad Católica de Valparaíso | ||
| 082 | 7 | |a 418.0071 BAK 2022 |2 22 | |
| 100 | |a Baker, Will |9 890403 |e author | ||
| 245 | |a Intercultural and Transcultural Awareness in Language Teaching | ||
| 260 | |a Cambridge, United Kingdom: |b Cambridge University Press, |c 2022. | ||
| 300 | |a 76 páginas. | ||
| 546 | |a Libro en inglés. | ||
| 583 | |k Gabriela Rodríguez C. |c 20240826 | ||
| 650 | 0 | |9 339820 |a Enseñanza de idiomas |x Educación Lingüística |x Práctica pedagógica | |
| 650 | 0 | |9 859611 |a Adquisición de una segunda lengua |x Lengua y cultura | |
| 650 | 0 | |9 269907 |a Comunicación intercultural |x Comunicación transcultural | |
| 942 | |2 ddc |c BK | ||
| 952 | |0 0 |1 0 |2 ddc |4 0 |6 418_007100000000000_BAK_2022 |7 0 |8 A |9 596397 |a BIBEDU |b BIBEDU |d 2024-08-23 |e 3 |g 41597.00 |i 5662524 |l 1 |o 418.0071 BAK 2022 |p 5662524 |r 2025-01-22 |s 2025-01-20 |t 1 |v 41597.00 |w 2024-08-23 |y BK |k LIT | ||